Darksiders - Statistics

General Stats
  • This quiz has been taken 71 times
  • The average score is 5 of 10
Answer Stats
Hint Answer % Correct
Two playable characters Death, War
86%
Number of Kingdoms 3
69%
War's horse Ruin
67%
the Horseman's race Nephilim
61%
bat boss Tiamat
53%
2 guns Mercy, Redemption
51%
100 wave arena The Crucible
51%
Another name for Absalom Corruption
47%
Karn's nickname Pup
39%
Leader of Hell The Dark Prince
6%
No matching quizzes found
Score Distribution
Percent of People with Each Score
Percentile by Number Answered
Your Score History
You have not taken this quiz